| 000 | 01260cam a2200361 4500 | ||
|---|---|---|---|
| 001 | B271 | ||
| 008 | 090401t1986 xxu||||| |||| 00| 0 eng d | ||
| 035 | _a(Sirsi) u34723 | ||
| 041 | _aeng | ||
| 050 |
_a338.4369 _c18 |
||
| 110 |
_aBuilding Centre Trust _93162 |
||
| 245 |
_aCapital spending on building _ba review of recent infrastructure reports for the Building Centre Trust undertaken by the Centre for Construction Market Information Spring 1986 |
||
| 260 |
_aLondon _bBuilding Centre Trust _c1986 |
||
| 300 |
_a19, 39p. _c30cm. |
||
| 350 | _a40 | ||
| 505 | _aPast policies and their consequences | ||
| 505 | _aRationale for spending | ||
| 505 | _aDefinition of need | ||
| 505 | _aSpending programmes and job creation | ||
| 505 | _aPolicy recommendations | ||
| 505 | _aThe response | ||
| 505 | _aCoverage by subject | ||
| 505 | _aContent by subject | ||
| 505 | _aRationale for spending | ||
| 505 | _aEvidence of need: indicators | ||
| 505 | _aEvidence of need: circulation programmes | ||
| 505 | _aComparison of statistics on the costs of repairing local authority dwellings | ||
| 505 | _aSpending programmes | ||
| 505 | _aJob creation | ||
| 690 | _aBUILT ENVIRONMENT-CONSTRUCTION MARKET | ||
| 942 | _n0 | ||
| 948 | _c04/03/1997 | ||
| 999 |
_c89986 _d89986 |
||